Statistiken für Länder Europas - Rückwärts

Klicken Sie hier um das Quiz zu spielen!

Allgemein

  • Dieses Quiz wurde 143 mal gespielt
  • Das Durchschnittsergebnis liegt bei 33 aus 45

Antworten auf der Karte

Die Antworten werden auf der Karte rot bzw. grün angezeigt, abhängig davon wie oft sie richtig erraten wurden.
 

Antwortstatistiken

Land% Korrekt
Island
92%
Irland
90%
Russland
87%
Deutschland
86%
Finnland
86%
Polen
86%
Spanien
85%
Estland
84%
Norwegen
84%
Frankreich
83%
Italien
82%
Lettland
82%
Belgien
81%
Schweden
81%
Schweiz
81%
Portugal
77%
Ukraine
77%
Dänemark
76%
Litauen
75%
Niederlande
75%
Andorra
74%
Belarus
72%
Österreich
72%
Ungarn
71%
Malta
70%
Bulgarien
69%
Griechenland
69%
Kosovo
69%
Tschechien
69%
Kroatien
67%
Monaco
67%
Serbien
67%
Slowakei
67%
Albanien
65%
Luxemburg
65%
Slowenien
65%
Vereinigtes
Königreich
65%
Bosnien und
Herzegowina
63%
Rumänien
63%
Vatikanstadt
60%
Moldawien
57%
Liechtenstein
55%
San Marino
54%
Nordmazedonien
53%
Montenegro
52%

Verteilung der Resultate

Perzentil nach korrekt beantworteten Fragen

Anzahl Personen mit jedem Resultat

Ihre Resultats-Entwicklung

Sie haben dieses Quiz noch nicht gespielt